| 000 | 00606nam a2200181 a 4500 | ||
|---|---|---|---|
| 001 | 000041504 | ||
| 005 | 20201002034941.0 | ||
| 008 | 131009s1998 sp 000 0 spa d | ||
| 020 | _a8400077334 | ||
| 040 |
_aDO-SdBNP _bspa _cBNPHU |
||
| 082 |
_axxx _bxxx |
||
| 100 | 1 |
_aOrduna, Germán _954745 |
|
| 245 | 1 | 0 |
_aEl arte narrativo y poético del canciller Ayala / _cGermán Orduna. |
| 260 |
_aMadrid : _bConsejo Superior de Investigaciones Científicas, _c1998. |
||
| 300 |
_a228 p. ; _c24 cm. |
||
| 490 | 1 |
_aBiblioteca de Filología hispánica _v18 |
|
| 830 | 0 |
_aBiblioteca de Filología hispánica _v18 _967489 |
|
| 999 |
_c40994 _d40994 |
||